000 00479nam a22001697a 4500
005 20240829075618.0
008 240829b |||||||| |||| 00| 0 eng d
041 _aEnglish
082 _a349 HAL
100 _lEnglish
245 _aHalsbury's Laws of England 1955
250 _aThird Edition
260 _aLondon:
_bButterworth and Company Ltd,
_c1955
300 _b44 pages;
_c26 cm.
650 _aLegal practice
_bLaw
942 _cBK
_6ALISON_BN_VRIES
999 _c2935
_d2935